Rosinha, minha canoa (Registo nº 336)

Detalhes MARC
000 -Etiqueta do registo
Cabeçalho 00610nam0a2200217 4500
005 - Identificador da versão
Campo de controlo 20240813121800.0
010 ## - Número internacional normalizado dos livros (ISBN)
Número (ISBN) 9728202024
021 ## - Número do Depósito Legal
Código do país PT
Número 118288/97
100 ## - Dados gerais de processamento
Dados gerais de processamento 20150327d1997 a e0pory5003 ba
102 ## - Pais de publicação ou produção
País de publicação Portugal
101 1# - Língua de publicação
Língua do texto, banda sonora, etc. Português
Língua do documento no original Português
215 ## - Descrição física 
Indicação específica da natureza do documento e extensão da espécie 200, [1] p
200 1# - Titulo e menção de responsabilidade
Título próprio Rosinha, minha canoa
Informação de outro título romance em compasso de Remo
Primeira menção de responsabilidade José Mauro de Vasconcelos
210 ## - Publicação, Distribuição, etc. 
Lugar da edição, distribuição, etc. Lisboa
Nome do editor, distribuidor, etc. Dinapress
Data da publicação, distribuição, etc. 2001
606 ## - Nome comum usado como assunto
Número de registo de entrada de autoridade 0002005
Palavra de ordem Literatura portuguesa
Subdivisão de assunto Romance
Código do sistema CA
700 #1 - Nome de autor-pessoa física (responsabilidade principal)
Número de registo de entrada de autoridade 0002178
Palavra de ordem Vasconcelos
Outra parte do nome não tomada para palavra de ordem José Mauro de
966 ## - Identificação da Biblioteca
Sigla EB2,3ENM
942 ## - Elementos de entrada adicionados (Koha)
Tipo de item no Koha Livro
Exemplares
Situação do levantamento Origin of item (home branch) (coded) Biblioteca de empréstimo Código de barras Cota Circulation type (not for loan) Tipo de documento Nota do exemplar Damaged status
  Biblioteca Escolar Eng. Nuno Mergulhão Biblioteca Escolar Eng. Nuno Mergulhão BENM549 82LE-3 VAS   Livro Sem mensagem